Psychology for medicine and healthcare (Record no. 396747)

MARC details
000 -LEADER
fixed length control field 00552 a2200217 4500
005 - DATE & TIME
control field 20260417115202.0
008 - FIXED-LENGTH DATA ELEMENTS--GENERAL INFORMATION
fixed length control field 260416b |||||||| |||| 00| 0 eng d
020 ## - ISBN
International Standard Book Number 9781529685091
Price £ 47.00
040 ## - CATALOGING SOURCE
Original cataloging agency VIVEKANANDA LIBRARY
082 ## - DDC NUMBER
Classification number 157.9
Book Number V827P(4)
100 ## - MAIN ENTRY--PERSONAL NAME
Personal name Visser, Richard De
245 ## - TITLE STATEMENT
Title Psychology for medicine and healthcare
250 ## - EDITION STATEMENT
Edition statement 4th
260 ## - PUBLICATION, DISTRIBUTION, ETC. (IMPRINT)
Name of publisher, distributor, etc Sage
Date of publication, distribution, etc 2025
Place of publication, distribution, etc New Delhi
300 ## - PHYSICAL DESCRIPTION
Pages xxvi, 618
650 ## - Subject
Subject Phychology
650 ## - Subject
Subject Medical Psychology
650 ## - Subject
Subject Health Psychology
700 ## - Added Entry Personal Name
Added Entry Personal Name Ayers, Susan
942 ## - ADDED ENTRY ELEMENTS (KOHA)
Koha item type Books
Holdings
Withdrawn status Lost status Source of classification or shelving scheme Damaged status Not for loan Location (home branch) Sublocation or collection (holding branch) Shelving location Date acquired Koha issues (times borrowed) Koha full call number Accession No. Koha date last seen Koha item type
    Dewey Decimal Classification     VIVEKANANDA LIBRARY VIVEKANANDA LIBRARY Vivekananda Library 25/03/2026   157.9 V827P(4) 438919 25/03/2026 Books
© Designed and Maintained by Vivekananda Library, MDU Rohtak